Statistics for Two Term US Vice Presidents

Click here to take the quiz!

General Stats

  • This quiz has been taken 76 times
  • The average score is 7 of 11

Answer Stats

Hint Answer % Correct
2009-2017Joe Biden
95%
2001-2009Dick Cheney
91%
1981-1989George H W Bush
91%
1993-2001Al Gore
88%
1789-1797John Adams
86%
1953-1961Richard Nixon
84%
1933-1941John Nance Garner
41%
1805-1812 (died in office)George Clinton
41%
1825-1832 (resigned)John C Calhoun
39%
1913-1921Thomas R Marshall
33%
1817-1825Daniel D Tompkins
31%

Score Distribution

Percentile by Number Answered

Percent of People with Each Score

Your Score History

You have not taken this quiz